logo

Bir Sreshtho Munshi Abdur Rouf Library
Jhenaidah Cadet College

বিশ্বনবী / (Record no. 6346)

MARC details
000 -LEADER
fixed length control field 00682nam a2200229 a 4500
001 - CONTROL NUMBER
JCCL Control Number 6346
003 - CONTROL NUMBER IDENTIFIER
JCCL marc code BD-JhCC
005 - DATE AND TIME OF LATEST TRANSACTION
control field 20180127093910.0
008 - FIXED-LENGTH DATA ELEMENTS--GENERAL INFORMATION
fixed length control field 180121s19421982b |||| || | 000 0 b d
035 ## - SYSTEM CONTROL NUMBER
system control number (BD-JhCC)6346
040 ## - CATALOGING SOURCE
Original cataloging agency BD-JhCC
Modifying agency BD-JhCC
041 ## - LANGUAGE CODE
Language code of Book Ben
082 ## - DEWEY DECIMAL CLASSIFICATION NUMBER
Classification number 297.63
Author mark and Year MOS 1982
100 ## - MAIN ENTRY--PERSONAL NAME
Personal name মোস্তফা, গোলাম
245 ## - TITLE STATEMENT
Title বিশ্বনবী /
Statement of responsibility, etc গোলাম মোস্তফা,
260 ## - PUBLICATION, DISTRIBUTION, ETC. (IMPRINT)
Place of publication, distribution, etc ঢাকা :
Name of publisher, distributor, etc আহমদ পাবলিশিং হাউস,
Date of publication, distribution, etc 1982.
300 ## - PHYSICAL DESCRIPTION
Pagination 587 p. :
Dimensions 22 cm.
504 ## - BIBLIOGRAPHY, ETC. NOTE
Bibliography, etc Includes index and bibliography
650 ## - SUBJECT ADDED ENTRY--TOPICAL TERM
Topical term or geographic name as entry element Hazrat Muhmmad (SM)
942 ## - ADDED ENTRY ELEMENTS (KOHA)
Source of classification or shelving scheme Dewey Decimal Classification
Koha item type Books
Holdings
Source of classification or shelving scheme Damaged status Not for loan Home library Current library Shelving location Cost, normal purchase price Total Checkouts Full call number Barcode Date last seen Copy number Koha item type
Dewey Decimal Classification     JCC Rouf Library JCC Rouf Library General Stacks 70.00   297.63 MOS 1982 620 01/21/2018 C-1 Books

JCC Library | Contacts | JCC Home

Last Update on 23 September 2017
Copyright @ 2017-2020 JCC Rouf Library
Rouf Library, Jhenidah Cadet College (JCC), Bangladesh